[Event "North Shore B-Grade"]
[Site "Auckland NZL"]
[Date "2017.08.27"]
[Round "5"]
[White "Meng, Richard"]
[Black "Bishop, Everett"]
[Result "0-1"]
[WhiteElo "1627"]
[BlackElo "1826"]
[PlyCount "70"]
[EventDate "2017.08.26"]

1. c4 g6 2. g3 Bg7 3. Bg2 d6 4. Nc3 c6 5. d3 Qc7 6. Nf3 e5 7. O-O Nf6 8. Bd2
O-O 9. Rb1 a6 10. b4 b5 11. cxb5 axb5 12. Qc2 Qe7 13. Rfc1 Bb7 14. a4 Rc8 15.
Qb3 bxa4 16. Nxa4 Nbd7 17. Bg5 h6 18. Bxf6 Bxf6 19. Bh3 Ra6 20. b5 cxb5 21.
Qxb5 Rxc1+ 22. Rxc1 Nb8 23. Bc8 Ra7 24. Qb6 Bxf3 25. exf3 Rxa4 26. Qxb8 Kg7 27.
Rc7 Rb4 28. Qa7 Qe8 29. Bd7 Qe7 30. Bb5 Qe6 31. Bd7 Qe7 32. Bh3 Qe8 33. Rc8 Qa4
34. Qc7 Qd1+ 35. Kg2 Rb1 0-1

[Event "North Shore B-Grade"]
[Site "Auckland NZL"]
[Date "2017.08.27"]
[Round "5"]
[White "Lyall, Simon"]
[Black "Weng, Xintong (Winston)"]
[Result "1-0"]
[WhiteElo "1752"]
[BlackElo "1305"]
[PlyCount "83"]
[EventDate "2017.08.26"]

1. e4 c5 2. c3 e6 3. d4 d5 4. e5 Nc6 5. Nf3 Qb6 6. a3 a5 7. Bd3 Bd7 8. Bc2 f6
9. O-O cxd4 10. cxd4 fxe5 11. dxe5 Bc5 12. Nc3 Nge7 13. Na4 Qa7 14. Nxc5 Qxc5
15. Re1 Qb6 16. Rb1 O-O 17. Be3 Qc7 18. Rc1 Qb8 19. Bc5 Re8 20. Qd3 g6 21. h4
b6 22. Bd6 Qb7 23. h5 Rac8 24. hxg6 Nxg6 25. Nh4 Nce7 26. Bxe7 Rxe7 27. Nxg6
hxg6 28. Qxg6+ Rg7 29. Qh6 d4 30. Be4 Rxc1 31. Qxc1 Qc8 32. Qxc8+ Bxc8 33. Rd1
Rd7 34. f4 Rf7 35. Rxd4 Kg7 36. g3 Ra7 37. Kf2 Rc7 38. Rd6 b5 39. Rc6 Rxc6 40.
Bxc6 Ba6 41. Ke3 Kg6 42. g4 1-0

[Event "North Shore B-Grade"]
[Site "Auckland NZL"]
[Date "2017.08.27"]
[Round "5"]
[White "Eade, Don"]
[Black "Ha, Huy Minh (Timothy)"]
[Result "1/2-1/2"]
[WhiteElo "1806"]
[BlackElo "1702"]
[PlyCount "139"]
[EventDate "2017.08.26"]

1. e4 g6 2. d4 Bg7 3. Nc3 d6 4. Bc4 e6 5. Be3 a6 6. f4 Nc6 7. Nf3 b5 8. Bd3 Nf6
9. h3 Bb7 10. O-O Nb4 11. f5 exf5 12. exf5 Nxd3 13. Qxd3 O-O 14. Bg5 Qd7 15.
Rae1 b4 16. Nd1 Qxf5 17. Qxf5 gxf5 18. Ne3 Bxf3 19. Rxf3 Ne4 20. Be7 Rfe8 21.
Nxf5 Bxd4+ 22. Nxd4 Rxe7 23. Rfe3 d5 24. Nc6 Re6 25. Nxb4 c6 26. c4 a5 27. cxd5
cxd5 28. Nxd5 Nc5 29. Rxe6 Nxe6 30. Re5 a4 31. Re4 a3 32. b3 Nc5 33. Rc4 Nxb3
34. Rc3 Nd4 35. Kf2 Rd8 36. Nb6 Nb5 37. Rc2 Rd3 38. Ke2 Rg3 39. Kf2 Rc3 40. Rd2
Rc6 41. Nd5 Rc5 42. Ke3 Kg7 43. Nb4 Rc4 44. Nc2 Rc3+ 45. Kf4 Kg6 46. Ke4 Rc5
47. Ne3 f5+ 48. Kf4 Nc3 49. Rd6+ Kf7 50. Rd2 Kg6 51. g3 Kf6 52. Rc2 Na4 53.
Rxc5 Nxc5 54. Nc4 Nd3+ 55. Ke3 Nc1 56. Nxa3 Nxa2 57. Nb5 Nb4 58. Kd4 Nc6+ 59.
Kc5 Ne5 60. Kd4 Nf3+ 61. Ke3 Ng5 62. h4 Ne6 63. Nc3 h6 64. Nd5+ Kf7 65. Nf4 Ng7
66. Kd4 Ne6+ 67. Ke5 Ng7 68. Nd5 Nh5 69. Ne3 Nxg3 70. Nxf5 1/2-1/2

[Event "North Shore B-Grade"]
[Site "Auckland NZL"]
[Date "2017.08.27"]
[Round "5"]
[White "Van den Heuvel, Arnold"]
[Black "McDougall, Euan"]
[Result "0-1"]
[WhiteElo "1828"]
[BlackElo "1388"]
[PlyCount "66"]
[EventDate "2017.08.26"]

1. d4 d5 2. Nf3 Nf6 3. Bf4 Bf5 4. e3 e6 5. c4 c6 6. Nc3 Bd6 7. Bg3 Bxg3 8. hxg3
Nbd7 9. cxd5 exd5 10. Bd3 Bxd3 11. Qxd3 Qa5 12. a3 Ne4 13. b4 Qa6 14. Qxa6 bxa6
15. Rc1 Nd6 16. Nd2 Rc8 17. O-O Nb6 18. Nb3 Nbc4 19. Nc5 Nxa3 20. Nxa6 Nab5 21.
Nxb5 Nxb5 22. Ra1 Kd7 23. Rfc1 Kd6 24. Ra5 h5 25. Kf1 Ra8 26. Ke2 f5 27. Nc5
Rhb8 28. Nd3 g5 29. Ne5 Rb6 30. Nf7+ Kd7 31. Nxg5 Nd6 32. Nf3 Nc4 33. Rb1 Nxa5
0-1

[Event "North Shore B-Grade"]
[Site "Auckland NZL"]
[Date "2017.08.27"]
[Round "5"]
[White "Hilder, Scott"]
[Black "Li, Allen"]
[Result "1-0"]
[WhiteElo "1900"]
[BlackElo "1515"]
[PlyCount "33"]
[EventDate "2017.08.26"]

1. d4 d5 2. c4 e6 3. Nc3 Nf6 4. Nf3 a6 5. e3 Bd7 6. Bd3 Bb4 7. O-O Bxc3 8. bxc3
Qc8 9. Ba3 b6 10. Ne5 dxc4 11. Bxc4 Ne4 12. Qg4 Nd6 13. Qxg7 Rf8 14. Be2 f6 15.
Bh5+ Kd8 16. Qxf8+ Be8 17. Qxf6# 1-0

[Event "North Shore B-Grade"]
[Site "Auckland NZL"]
[Date "2017.08.27"]
[Round "5"]
[White "Goormachtigh, Laurens"]
[Black "Liu, James Jiayu"]
[Result "0-1"]
[WhiteElo "1714"]
[BlackElo "1405"]
[PlyCount "80"]
[EventDate "2017.08.26"]

1. e4 c5 2. Nf3 Nc6 3. d4 cxd4 4. Nxd4 Nf6 5. Nc3 d6 6. f3 e6 7. Be3 a6 8. Qd2
Qc7 9. O-O-O Be7 10. g4 b5 11. g5 Nd7 12. f4 b4 13. Na4 Nc5 14. Nxc5 dxc5 15.
Nb3 e5 16. f5 Nd4 17. Bc4 Bb7 18. f6 gxf6 19. gxf6 Bf8 20. c3 bxc3 21. bxc3
O-O-O 22. Bd5 Bxd5 23. exd5 Rxd5 24. Qg2 Qc6 25. cxd4 cxd4+ 26. Kb2 Ba3+ 27.
Kb1 Kb7 28. Bc1 Bb4 29. Qg7 Rc8 30. Qxh7 d3 31. Bb2 d2 32. Qe4 a5 33. a3 a4 34.
Qxb4+ Ka7 35. Na5 Qc2+ 36. Ka2 Rb8 37. Qe7+ Ka8 38. Rb1 d1=Q 39. Rhxd1 Rxd1 40.
Qb7+ Rxb7 0-1

[Event "North Shore B-Grade"]
[Site "Auckland NZL"]
[Date "2017.08.27"]
[Round "5"]
[White "Holdo, Karl"]
[Black "Mudaliar, Rohit"]
[Result "1/2-1/2"]
[WhiteElo "1683"]
[BlackElo "958"]
[PlyCount "81"]
[EventDate "2017.08.26"]

1. d4 Nf6 2. Nf3 e6 3. Bf4 b6 4. e3 Bb7 5. Nbd2 d5 6. Bd3 Nbd7 7. c3 h6 8. h3
c5 9. Ne5 c4 10. Bc2 Nxe5 11. Bxe5 Bd6 12. O-O O-O 13. Bb1 Bxe5 14. dxe5 Nd7
15. Nf3 Re8 16. Qd2 Qc7 17. Qd4 Qc5 18. Rd1 Qxd4 19. exd4 b5 20. Bc2 a6 21. Re1
Bc6 22. a3 Nb6 23. Nh2 a5 24. f4 Bd7 25. Rf1 Reb8 26. f5 exf5 27. Bxf5 Be6 28.
Ng4 Na4 29. Rab1 b4 30. Bc2 Bxg4 31. hxg4 b3 32. Bf5 Ra7 33. e6 f6 34. Rfe1 Re7
35. Re2 Kh8 36. g3 Rg8 37. Bg6 Rf8 38. Rbe1 Nb6 39. Bf5 Rg8 40. Bg6 Rf8 41. Bf5
1/2-1/2

[Event "North Shore B-Grade"]
[Site "Auckland NZL"]
[Date "2017.08.27"]
[Round "5"]
[White "Lourenco, Eva"]
[Black "Wang, Aaron Ziwen"]
[Result "1/2-1/2"]
[WhiteElo "1350"]
[BlackElo "1552"]
[PlyCount "59"]
[EventDate "2017.08.26"]

1. d4 Nf6 2. Bf4 d6 3. e3 Nbd7 4. c3 e5 5. Bg3 g6 6. Be2 Ne4 7. Nd2 Nxg3 8.
hxg3 Bg7 9. Qb3 Nb6 10. Bb5+ c6 11. Bd3 exd4 12. exd4 Be6 13. Qc2 Qe7 14. Ne2
O-O 15. O-O Bg4 16. Nc4 Nxc4 17. Bxc4 Bf5 18. Bd3 Rfe8 19. Bxf5 Qxe2 20. Bd3
Qxc2 21. Bxc2 Re2 22. Rac1 Rae8 23. a4 Rd2 24. b3 Ree2 25. Bd1 Re8 26. Bf3 Bh6
27. Rb1 Rc2 28. c4 Re7 29. d5 c5 30. Rfd1 1/2-1/2

[Event "North Shore B-Grade"]
[Site "Auckland NZL"]
[Date "2017.08.27"]
[Round "5"]
[White "Li, Leo Xiang Yu"]
[Black "Qiu, Daniel"]
[Result "0-1"]
[WhiteElo "1256"]
[BlackElo "1354"]
[PlyCount "42"]
[EventDate "2017.08.26"]

1. e4 e6 2. d4 d5 3. exd5 exd5 4. Nc3 c6 5. Nf3 Nf6 6. Be2 Bd6 7. Be3 O-O 8.
O-O Bg4 9. Qd2 Qc7 10. h3 Bh5 11. Rfe1 Nbd7 12. Bg5 Rfe8 13. Nh4 Bxe2 14. Nxe2
Ne4 15. Qc1 Nxg5 16. Qxg5 Be7 17. Qg4 Nf6 18. Qg3 Bd6 19. Qg5 Ne4 20. Qg4 Bh2+
21. Kf1 Nd2# 0-1

[Event "North Shore B-Grade"]
[Site "Auckland NZL"]
[Date "2017.08.27"]
[Round "5"]
[White "Braganza, Nadia"]
[Black "Li, Rodney Xiang Rei"]
[Result "0-1"]
[WhiteElo "1549"]
[BlackElo "1509"]
[PlyCount "164"]
[EventDate "2017.08.26"]

1. e4 e5 2. Nf3 Nc6 3. Bc4 Bc5 4. O-O d6 5. d3 Bg4 6. Be3 Nf6 7. Bxc5 dxc5 8.
Nbd2 Nd4 9. c3 Nxf3+ 10. Nxf3 O-O 11. Qe2 Nh5 12. h3 Nf4 13. Qe3 Bh5 14. Kh2
Qd6 15. g3 Ne6 16. Nh4 b6 17. Rac1 Rad8 18. a4 Qd7 19. b3 Kh8 20. Rc2 Qc8 21.
Rd2 Rd7 22. g4 Qd8 23. Qg3 Qg5 24. Rdd1 Bg6 25. Nxg6+ hxg6 26. Bxe6 fxe6 27. h4
Qf4 28. Qxf4 exf4 29. Rd2 e5 30. f3 Kh7 31. Rfd1 Rfd8 32. Kg2 Kh6 33. Kh3 c6
34. b4 cxb4 35. cxb4 Rd4 36. b5 c5 37. a5 Rb4 38. axb6 axb6 39. Rc2 Rxb5 40.
Rdc1 Rxd3 41. Rc3 Rb3 42. Rxb3 Rxb3 43. Kg2 Rd3 44. Kf2 g5 45. h5 Rd6 46. Ke2
g6 47. hxg6 Kxg6 48. Rc4 Rc6 49. Kd3 b5 50. Rc1 Kf6 51. Rh1 Kg7 52. Rb1 b4 53.
Kc4 Rc8 54. Rd1 Kf6 55. Rd3 Ke6 56. Rd1 Rb8 57. Kb3 Ra8 58. Kc4 Rc8 59. Kb3 Rb8
60. Kc4 b3 61. Kxc5 b2 62. Rb1 Kd7 63. Kd5 Rb5+ 64. Kc4 Kc6 65. Kc3 Kc5 66.
Rxb2 Rxb2 67. Kxb2 Kb4 68. Kc2 Kc4 69. Kd2 Kd4 70. Ke2 Kc3 71. Kf2 Kd3 72. Kf1
Ke3 73. Kg2 Ke2 74. Kh2 Kxf3 75. Kh3 Kxe4 76. Kg2 Ke3 77. Kh2 Ke2 78. Kg2 f3+
79. Kg3 f2 80. Kh2 Kf3 81. Kh3 f1=Q+ 82. Kh2 Qg2# 0-1

[Event "North Shore B-Grade"]
[Site "Auckland NZL"]
[Date "2017.08.27"]
[Round "5"]
[White "Qin, Oscar Shu Xuan"]
[Black "Kamberi, Paul"]
[Result "0-1"]
[WhiteElo "1449"]
[BlackElo "1570"]
[PlyCount "96"]
[EventDate "2017.08.26"]

1. e4 c5 2. Nf3 a6 3. d4 cxd4 4. Nxd4 Nc6 5. Nc3 d6 6. Be3 Nf6 7. f3 g6 8. Qd2
h5 9. Bc4 Bg7 10. h3 Bd7 11. O-O-O Ne5 12. Bb3 Rc8 13. Kb1 Nc4 14. Bxc4 Rxc4
15. g4 Ng8 16. g5 h4 17. b3 Rc7 18. Rh2 Bc6 19. Nxc6 Rxc6 20. Bd4 e5 21. Be3
Ne7 22. Rf2 Qc8 23. Nd5 Qxh3 24. Nb4 Nc8 25. Nxc6 bxc6 26. Qc3 Qd7 27. Rfd2 h3
28. Bg1 O-O 29. Rh2 d5 30. Qe1 f5 31. Qh4 fxe4 32. fxe4 Rf4 33. Qe1 d4 34. c3
c5 35. Qe2 Qg4 36. Qxg4 Rxg4 37. cxd4 cxd4 38. Rxh3 Rxe4 39. Rf3 Rg4 40. Be3
Ne7 41. Bc1 Nd5 42. Rd2 Nc3+ 43. Kb2 e4 44. Rf1 d3 45. Rh2 Ne2+ 46. Kb1 Nxc1
47. Kxc1 e3 48. Rfh1 Bc3 0-1

[Event "North Shore B-Grade"]
[Site "Auckland NZL"]
[Date "2017.08.27"]
[Round "5"]
[White "Li, Andrew"]
[Black "McDougall, Wayne"]
[Result "0-1"]
[WhiteElo "1376"]
[BlackElo "1563"]
[PlyCount "60"]
[EventDate "2017.08.26"]

1. e4 e5 2. Nf3 Nc6 3. Bb5 d6 4. d3 Bg4 5. h3 Bh5 6. Be3 Nge7 7. Nbd2 f5 8.
Bxc6+ bxc6 9. exf5 Nxf5 10. Bg5 Bxf3 11. Nxf3 Be7 12. Bxe7 Qxe7 13. Qe2 Qe6 14.
d4 O-O 15. O-O Rfe8 16. dxe5 dxe5 17. Rfe1 e4 18. Ng5 Qf6 19. Qc4+ Kh8 20. Nf7+
Kg8 21. Nd6+ Re6 22. Nxe4 Qf7 23. Ng5 Rxe1+ 24. Rxe1 Qxc4 25. Ne6 Re8 26. Rd1
Qxe6 27. g4 Nh4 28. Rd3 Qe1+ 29. Kh2 Qxf2+ 30. Kh1 Re1# 0-1